00331 2200145 4500245005200000250001100052100001800063650001600081650001400097005001900111260001800130041001400148084001400162336000900176 aJenis-Jenis Potongan SayurcZacky IbrahimhText aCet. 1 aZacky Ibrahim aKarya Siswa aScrapbook a20250526093533 aJakartac2025 aIndonesia a081 ZAC j atext